Proposal for a pre-project towards: First phase of the Inter-institutional Linkage between Cantho University - Faculty of Economics and University of Groningen Wageningen - Agricultural University

保存先:
書誌詳細
第一著者: MHO
フォーマット: 図書
言語:Undetermined
出版事項: Netherlands Univ. of Wageningen 1995
主題:
タグ: タグ追加
タグなし, このレコードへの初めてのタグを付けませんか!
Thư viện lưu trữ: Trung tâm Học liệu Trường Đại học Cần Thơ
LEADER 00628nam a2200169Ia 4500
001 CTU_13543
008 210402s9999 xx 000 0 und d
082 |a 375 
082 |b M618e 
100 |a MHO 
245 0 |a Proposal for a pre-project towards: First phase of the Inter-institutional Linkage between Cantho University - Faculty of Economics and University of Groningen Wageningen - Agricultural University 
245 0 |c MHO 
260 |a Netherlands 
260 |b Univ. of Wageningen 
260 |c 1995 
650 |a universities and colleges - vietnam - curricula 
980 |a Trung tâm Học liệu Trường Đại học Cần Thơ